000 01083nam a2200313 c 4500
003 BLK
005 20240925005454.0
008 180411b bul|||||r ||||||| ||bul||
010 _aKNG00197686000
040 _aBLK
041 _aBUL
_cBUL
080 _aАвстрийска литература
_b821.112(436)
_x-31
_z821.112(436)-31
100 1 _aЦвайг, Стефан
_eпърви автор
_9366443
700 _aСтоевски, Димитър
_qЧолаков, Димчо Стоев
_9364897
139 _aЦвайг, Стефан
_bЦ 29
245 1 0 _aМария Стюарт
_bРоман
_cСтефан Цвайг; прев. от нем. Димитър Стоевски.
250 _a3. изд.
257 _aAUT
260 София
_bОФ
_c1983
300 _a379 с.
_c20 см
380 _aX
500 _a1. изд. 1948. - 50 200 тир.
852 _aЦб 124300
856 4 _qpdf
_u
856 4 _qpdf
_u
942 _cKNG
_n0
_01
944 _aCR
_c09.12.2016
_k
_lCRON CRON
944 _aED
_c09.12.2016
_kПравда_Бадева
999 _c188667
_d188667